000 00656nam a2200205Ia 4500
005 20260121110104.0
008 008 260114s9999 xx 000 0 hin d
020 _a9788132378945
037 _aEBOOK
040 _aCRL
_bhin
_cCRL
041 _ahin
_2hin
084 _qCRL
100 _aलता पाटिल / Lata Patil
_9941902
245 0 _aमैन्युफैक्चरिंग मैनेजमेंट / Macroeconomics
260 _bभाषा प्रकाशन / Bhasha Prakashan
_c2022
856 _uhttps://bhashaprakashan.com/product-details/381041
942 _cEBOOK
999 _c1533567
_d1533567